|
|
|
|
| LEADER |
00000nam0a2200000 4500 |
| 001 |
57887 |
| 005 |
20231101211709.0 |
| 010 |
|
|
|a 5256002139
|
| 035 |
|
|
|a (RuTPU)RU\TPU\book\61112
|
| 090 |
|
|
|a 57887
|
| 100 |
|
|
|a 20031119d1989 km y0rusy50 ca
|
| 101 |
0 |
|
|a rus
|
| 102 |
|
|
|a RU
|
| 105 |
|
|
|a a z 001zy
|
| 200 |
1 |
|
|a Однотактные преобразователи напряжения в устройствах электропитания РЭА
|f А. Г. Поликарпов, Е. Ф. Сергиенко
|
| 210 |
|
|
|a Москва
|c Радио и связь
|d 1989
|
| 215 |
|
|
|a 160 с.
|c ил.
|
| 320 |
|
|
|a Библиогр.: с. 157-159.
|
| 606 |
1 |
|
|a Радиоэлектронная аппаратура
|x Электропитание
|2 stltpush
|3 (RuTPU)RU\TPU\subj\23420
|9 48020
|
| 610 |
1 |
|
|a РЭА
|
| 610 |
1 |
|
|a преобразователи
|
| 610 |
1 |
|
|a классификация
|
| 610 |
1 |
|
|a импульсные регуляторы
|
| 610 |
1 |
|
|a стабилизаторы напряжения
|
| 610 |
1 |
|
|a схемы
|
| 610 |
1 |
|
|a устройства
|
| 675 |
|
|
|a 621.396.6:621.311.6
|v 3
|
| 700 |
|
1 |
|a Поликарпов
|b А. Г.
|g Анатолий Григорьевич
|
| 701 |
|
1 |
|a Сергиенко
|b Е. Ф.
|g Евгений Федорович
|
| 801 |
|
1 |
|a RU
|b 63413507
|c 20031119
|g PSBO
|
| 801 |
|
2 |
|a RU
|b 63413507
|c 20201029
|g PSBO
|
| 942 |
|
|
|c BK
|